LIBRARY ONLINE CATALOGUE

Computer organization and design : (Record no. 11521)

MARC details
000 -LEADER
fixed length control field 00732cam a22002292 4500
001 - CONTROL NUMBER
control field 0000024107
005 - DATE AND TIME OF LATEST TRANSACTION
control field 20151217154508.0
008 - FIXED-LENGTH DATA ELEMENTS--GENERAL INFORMATION
fixed length control field 130610s xx 000 0 eng d
020 ## - INTERNATIONAL STANDARD BOOK NUMBER
International Standard Book Number 8131222744 :
040 ## - CATALOGING SOURCE
Original cataloging agency KABU
Transcribing agency KABU
050 #0 - LIBRARY OF CONGRESS CALL NUMBER
Classification number QA76.9
Item number .H46 2010
100 1# - MAIN ENTRY--PERSONAL NAME
Personal name Patterson, David A.
-- 0000148191
245 10 - TITLE STATEMENT
Title Computer organization and design :
Remainder of title the hardware/Software interface /
Statement of responsibility, etc. David A. Patterson, John L. Hennessy.
250 ## - EDITION STATEMENT
Edition statement 4th ed.
260 ## - PUBLICATION, DISTRIBUTION, ETC. (IMPRINT)
Place of publication, distribution, etc. New Delhi :
Name of publisher, distributor, etc. Elsevier,
Date of publication, distribution, etc. 2010.
300 ## - PHYSICAL DESCRIPTION
Extent xxv, 689 p.
650 #0 - SUBJECT ADDED ENTRY--TOPICAL TERM
Topical term or geographic name as entry element Computer organization.
-- 0000148192
700 1# - ADDED ENTRY--PERSONAL NAME
Personal name Hennessy, John L.
-- 0000148193
852 1# - LOCATION
-- p2900 KES
908 ## - PUT COMMAND PARAMETER (RLIN)
Put command parameter 130610
950 ## - LOCAL HOLDINGS (RLIN)
-- 1
Holdings
Withdrawn status Lost status Source of classification or shelving scheme Not for loan Home library Current library Date acquired Total Checkouts Total Renewals Full call number Barcode Date last seen Date last checked out Price effective from Koha item type
    Library of Congress Classification   Kabarak, Main Campus Kabarak, Main Campus 17/12/2015 3 1 QA76.9 .H46 2010 c. 1 015361 12/11/2018 24/10/2018 17/12/2015 General Collection